LEADER 02712nam 2200553 450 001 9910479857203321 005 20170816143331.0 010 $a1-4704-0476-1 035 $a(CKB)3360000000465056 035 $a(EBL)3114254 035 $a(SSID)ssj0000888981 035 $a(PQKBManifestationID)11932387 035 $a(PQKBTitleCode)TC0000888981 035 $a(PQKBWorkID)10876416 035 $a(PQKB)10072866 035 $a(MiAaPQ)EBC3114254 035 $a(PPN)195417615 035 $a(EXLCZ)993360000000465056 100 $a20150416h20072007 uy 0 101 0 $aeng 135 $aur|n|---||||| 181 $ctxt 182 $cc 183 $acr 200 04$aThe Hilbert function of a level algebra /$fAnthony V. Geramita, [and others] 210 1$aProvidence, Rhode Island :$cAmerican Mathematical Society,$d2007. 210 4$dİ2007 215 $a1 online resource (154 p.) 225 1 $aMemoirs of the American Mathematical Society, ;$v0065-9266$aNumber 872 300 $a"Volume 186, number 872 (second of five numbers)." 311 $a0-8218-3940-3 320 $aIncludes bibliographical references. 327 $a""Contents""; ""Part 1. Nonexistence and Existence""; ""Chapter 1. Introduction""; ""Chapter 2. Numerical Conditions""; ""Chapter 3. Homological Methods""; ""Chapter 4. Some Refinements""; ""Chapter 5. Constructing Artinian Level Algebras""; ""5.1. Inverse Systems""; ""5.2. Level Quotients of the Co-ordinate Rings of Points""; ""5.3. Constructing Level Algebras with the WLP""; ""5.4. The Linked-Sum Method""; ""Chapter 6. Constructing Level Sets of Points""; ""6.1. Method 1: Intersection of Suitable Curves""; ""6.2. Method 2: Liaison Tricks"" 327 $a""6.3. Method 3: Union of suitable sets of points""""6.4. Method 4: General Sets of Points on Suitable curves""; ""Chapter 7. Expected Behavior""; ""Part 2. Appendix: A Classification of Codimension Three Level Algebras of Low Socle Degree""; ""Appendix A. Introduction and Notation""; ""Appendix B. Socle Degree 6 and Type 2""; ""Appendix C. Socle Degree 5""; ""Appendix D. Socle Degree 4""; ""Appendix E. Socle Degree 3""; ""Appendix F. Summary""; ""Appendix. Bibliography"" 410 0$aMemoirs of the American Mathematical Society ;$vNumber 872. 606 $aCharacteristic functions 606 $aAlgebra, Homological 608 $aElectronic books. 615 0$aCharacteristic functions. 615 0$aAlgebra, Homological. 676 $a512.64 702 $aGeramita$b A. V. 801 0$bMiAaPQ 801 1$bMiAaPQ 801 2$bMiAaPQ 906 $aBOOK 912 $a9910479857203321 996 $aThe Hilbert function of a level algebra$92140215 997 $aUNINA LEADER 01303nam a2200301 i 4500 001 991000340669707536 008 220526s1997 it a 000 0 ita d 020 $a8871317777 035 $ab14457271-39ule_inst 040 $aBibl. Dip.le Aggr. Ingegneria Innovazione - Sez. Ingegneria Innovazione$beng 082 $a005.369 100 1 $aNelson, Stephen L.,$d<1959->$042836 245 10$aGuide Compass :$bMicrosoft Outlook 97 /$cStephen L. Nelson 260 $a[Segrate] :$bMondadori informatica ;$a[Redmond] :$bMicrosoft press,$c1997 300 $ax, 179 p. :$bill., (some col.) ;$c21 cm 490 0 $aGuide compass 500 $aIncludes index 500 $a"Guida a Microsoft Outlook 97 per Windows 95 e Windows NT 4.0"--Cover 500 $aOrig. Title: Field guide to Microsoft Outlook 97 630 00$aMicrosoft Outlook 650 0$aTime management$xComputer programs 650 0$aPersonal information management$xComputer programs 907 $a.b14457271$b26-05-22$c26-05-22 912 $a991000340669707536 945 $aLE026 005.369 01.01 1997$g1$i2026000135595$lle026$mTesto collocato sul pavimento.$nFondo GISI$og$pE0.00$q-$rl$st $t0$u0$v0$w0$x0$y.i16030552$z26-05-22 996 $aGuide compass$92856504 997 $aUNISALENTO 998 $ale026$b26-05-22$cm$da $e-$fita$git $h0$i0